Cognitive science

Enregistré dans:
Détails bibliographiques
Format: Publication en série
Publié: 1992
Tags: Ajouter un tag
Pas de tags, Soyez le premier à ajouter un tag!

MARC

LEADER 00000nas a22000003a 4500
001 stu65375
005 20141122003055.8
008 011106s1992----------------------------d
040 |a STU  |b slo 
041 0
245 |a Cognitive science 
260 |c 1992 
500 |a 1-4 
500 |a 4 
773 0 |t Cognitive science :  |w stu_us_cat*stu59566  |x 0364-0213  |7 nnas 
996 |d Vol. 16, 1992  |v Vol. 16  |y 1992  |l EE0103  |s A  |a 24  |w stu65375_0001